000 00884nam a2200253 i 4500
001 bg
100 1 _aLINN, Norbert
245 1 0 _aBanken in der Wertfalle :
_bEffizienz- und Wachstumsstrategien für eine Branche in der Krise /
_cNorbert Linn, Cornelius Riese, Steffen Krotsch ; hrsg. von Accenture.
260 _aFrankfurt am Main :
_bF.A.Z. Institut,
_c2002.
300 _a288 s. :
_bil. ;
_c23 cm.
504 _aIndeks.
650 9 _aBanki
_xfinanse
_xzarządzanie
700 1 _aRIESE, Cornelius
700 1 _aKROTSCH, Steffen
710 0 _aAccenture
020 _a3934191525
040 _cBPK
041 0 _ade
080 _a336.7
920 _a3-934191-52-5
942 _cKS
008 s pl f |000 0 pol
999 _c41691
_d41691
856 _uhttp://koha.tu.koszalin.pl/cgi-bin/koha/opac-detail.pl?biblionumber=41691
_yKatalog online BPK